<?xml version="1.0" encoding="UTF-8"?>
<record
    xmlns:xsi="http://www.w3.org/2001/XMLSchema-instance"
    xsi:schemaLocation="http://www.loc.gov/MARC21/slim http://www.loc.gov/standards/marcxml/schema/MARC21slim.xsd"
    xmlns="http://www.loc.gov/MARC21/slim">

  <leader>02063cam a2200289   4500500</leader>
  <controlfield tag="005">20260419004228.0</controlfield>
  <datafield tag="041" ind1=" " ind2=" ">
    <subfield code="a">fre</subfield>
  </datafield>
  <datafield tag="042" ind1=" " ind2=" ">
    <subfield code="a">dc</subfield>
  </datafield>
  <datafield tag="100" ind1="1" ind2="0">
    <subfield code="a">Paiva de Toledo Piza, Ricardo</subfield>
    <subfield code="e">author</subfield>
  </datafield>
  <datafield tag="245" ind1="0" ind2="0">
    <subfield code="a">La pratique psychanalytique dans le dispensaire public br&#xE9;silien</subfield>
  </datafield>
  <datafield tag="260" ind1=" " ind2=" ">
    <subfield code="c">2025.
							</subfield>
  </datafield>
  <datafield tag="500" ind1=" " ind2=" ">
    <subfield code="a">41</subfield>
  </datafield>
  <datafield tag="520" ind1=" " ind2=" ">
    <subfield code="a">R&#xE9;sum&#xE9;Cet article explore la relation entre psychanalyse et individualisme, en tenant compte de l&#x2019;h&#xE9;t&#xE9;rog&#xE9;n&#xE9;it&#xE9; des modes de socialisation selon les diff&#xE9;rents groupes et couches sociales. Pour ce faire, il examine la pratique psychanalytique aupr&#xE8;s des classes populaires dans les dispensaires publics de Rio de Janeiro, au Br&#xE9;sil. En comparant les travaux de r&#xE9;f&#xE9;rence de Costa (1989) et de Figueiredo (1996), il met en lumi&#xE8;re les d&#xE9;fis sp&#xE9;cifiques et les implications de ces approches, ainsi que le r&#xF4;le que les sciences sociales peuvent jouer dans l&#x2019;approfondissement de cette discussion.</subfield>
  </datafield>
  <datafield tag="520" ind1=" " ind2=" ">
    <subfield code="a">AbstractThis article explores the relationship between psychoanalysis and individualism, taking into account the heterogeneity of socialization modes among different social groups and strata. To do so, it examines how psychoanalysis was practiced with the working classes in public mental health clinics in Rio de Janeiro, Brazil. By comparing key works by Costa (1989) and Figueiredo (1996), it highlights the specific challenges and implications of these approaches, as well as the role social sciences can play in deepening this discussion.</subfield>
  </datafield>
  <datafield tag="690" ind1=" " ind2=" ">
    <subfield code="a">anthropologie du &#xAB;&#xA0;nervoso&#xA0;&#xBB;</subfield>
  </datafield>
  <datafield tag="690" ind1=" " ind2=" ">
    <subfield code="a">classes populaires</subfield>
  </datafield>
  <datafield tag="690" ind1=" " ind2=" ">
    <subfield code="a">individualisme</subfield>
  </datafield>
  <datafield tag="690" ind1=" " ind2=" ">
    <subfield code="a">interdisciplinarit&#xE9;</subfield>
  </datafield>
  <datafield tag="690" ind1=" " ind2=" ">
    <subfield code="a">psychanalyse</subfield>
  </datafield>
  <datafield tag="690" ind1=" " ind2=" ">
    <subfield code="a">Anthropology of the &#xAB;&#xA0;Nervoso&#xA0;&#xBB;</subfield>
  </datafield>
  <datafield tag="690" ind1=" " ind2=" ">
    <subfield code="a">Individualism</subfield>
  </datafield>
  <datafield tag="690" ind1=" " ind2=" ">
    <subfield code="a">Interdisciplinarity</subfield>
  </datafield>
  <datafield tag="690" ind1=" " ind2=" ">
    <subfield code="a">Psychoanalysis</subfield>
  </datafield>
  <datafield tag="690" ind1=" " ind2=" ">
    <subfield code="a">Working classes</subfield>
  </datafield>
  <datafield tag="786" ind1="0" ind2=" ">
    <subfield code="n">L'Homme &amp;amp; la Soci&#xE9;t&#xE9; | 222 | 1 | 2025-12-02 | p. 193-216 | 0018-4306</subfield>
  </datafield>
  <datafield tag="856" ind1="4" ind2="1">
    <subfield code="u">https://shs.cairn.info/revue-lhomme-la-societe-2025-1-page-193?lang=fr&amp;redirect-ssocas=7080</subfield>
  </datafield>
  <datafield tag="999" ind1=" " ind2=" ">
    <subfield code="c">2215366</subfield>
    <subfield code="d">2215366</subfield>
  </datafield>
</record>
